MARC details
| 000 -LEADER |
| campo de control de longitud fija |
03201nam a22003977i 4500 |
| 003 - IDENTIFICADOR DE NÚMERO DE CONTROL |
| campo de control |
Do-SdINT |
| 005 - FECHA Y HORA DE LA ÚLTIMA TRANSACCIÓN |
| campo de control |
20250604144137.0 |
| 008 - DATOS DE LONGITUD FIJA--INFORMACIÓN GENERAL |
| campo de control de longitud fija |
040225s2024 sp s |||| 0|spa d |
| 020 ## - NÚMERO INTERNACIONAL ESTÁNDAR DEL LIBRO |
| Número Internacional Estándar del Libro |
978-84-10282-15-5 |
| 040 ## - FUENTE DE CATALOGACIÓN |
| Centro catalogador/agencia de origen |
DO-SdINT |
| Normas de descripción |
rda |
| Lengua de catalogación |
spa |
| Centro/agencia transcriptor |
DO-SdINT |
| 072 ## - CÓDIGO DE CATEGORÍA DE MATERIA |
| Código de categoría de materia |
CSH |
| 082 ## - NÚMERO DE LA CLASIFICACIÓN DECIMAL DEWEY |
| Número de clasificación |
371.33014/An779c |
| Información de edición |
21 |
| 245 10 - MENCIÓN DEL TÍTULO |
| Título |
Comunicación sostenible de conocimiento en contextos presenciales y/o digitales / |
| Mención de responsabilidad, etc. |
Rosario Arroyo González, Ena M.ª C. Evia Ricalde y Claudia de Barros Camargo (eds.) |
| 250 ## - MENCION DE EDICION |
| Mención de edición |
Primera edición. |
| 264 ## - PRODUCCIÓN, PUBLICACIÓN, DISTRIBUCIÓN, FABRICACIÓN Y COPYRIGHT |
| Producción, publicación, distribución, fabricación y copyright |
Barcelona, España : |
| Nombre del de productor, editor, distribuidor, fabricante |
Octaedro, |
| Fecha de producción, publicación, distribución, fabricación o copyright |
2024 |
| 300 ## - DESCRIPCIÓN FÍSICA |
| Extensión |
1 recurso en línea (200 páginas) |
| 336 ## - TIPO DE CONTENIDO |
| Término de tipo de contenido |
texto |
| Código de tipo de contenido |
txt |
| Fuente |
rdacontent |
| 337 ## - TIPO DE MEDIO |
| Nombre/término del tipo de medio |
computadora |
| Código del tipo de medio |
c |
| Fuente |
rdamedia |
| 338 ## - TIPO DE SOPORTE |
| Nombre/término del tipo de soporte |
recurso en línea |
| Código del tipo de soporte |
c |
| Fuente |
rdacarrier |
| 347 ## - CARACTERÍSTICAS DEL ARCHIVO DIGITAL |
| Tipo de archivo |
archivo de texto |
| Formato de codificación |
PDF |
| Fuente |
rda |
| 490 ## - MENCIÓN DE SERIE |
| Mención de serie |
Horizontes Universidad ; |
| 505 ## - NOTA DE CONTENIDO CON FORMATO |
| Nota de contenido con formato |
Presentación 9 -- Prácticas de enseñanza en un contexto micro digital-multilingüe y su efecto en la argumentación científica 13 -- Dimensiones motivacionales de la comunicación escrita argumentativa universitaria 31 -- Dimensiones meta sociocognitivas y motivacionales en la comunicación escrita argumentativa para la difusión del conocimiento sostenible en la educación secundaria 45 -- Neuroimagen de la comunicación inclusiva y multilingüe para la sostenibilidad 67 -- Desarrollo profesional en neurodidáctica para hacer realidad la inclusión del alumnado 77 -- La traducción audiovisual accesible como eje impulsor de la comunicación científica sostenible 89 -- La audiodescripción museística sostenible y multilingüe 99 -- Traducción y aspectos interculturales para el conocimiento sostenible 111 -- Difusión del conocimiento sostenible en la historia y la literatura: la historia versada de Íñigo Escalante 125 -- La argumentación visual en el contexto histórico iconográfico de las expediciones de Désiré Charnay y Teoberto Maler a Yucatán durante la segunda mitad del siglo xix 135 -- Difusión del conocimiento sostenible en la literatura: los escritores de Campeche durante el siglo xix y su noción de la naturaleza 157 -- La sostenibilidad social frente a los conflictos bélicos: de la Guerra de Castas a la venta de indios mayas a Cuba desde un periódico literario del siglo xix 165 -- Gestión cultural para la sostenibilidad 183 |
| 506 0# - NOTA DE RESTRICCIONES AL ACCESO |
| Limitaciones de acceso |
Open Access |
| 650 #7 - PUNTO DE ACCESO ADICIONAL DE MATERIA--TÉRMINO DE MATERIA |
| Término de materia o nombre geográfico como elemento de entrada |
Comunicación |
| Fuente del encabezamiento o término |
ARMARC |
| 9 (RLIN) |
30940 |
| 650 #7 - PUNTO DE ACCESO ADICIONAL DE MATERIA--TÉRMINO DE MATERIA |
| Término de materia o nombre geográfico como elemento de entrada |
Comunicación del conocimiento — Uso sostenible Enseñanza presencial y virtual — Estrategias Educación — Desarrollo sostenible |
| 650 #7 - PUNTO DE ACCESO ADICIONAL DE MATERIA--TÉRMINO DE MATERIA |
| Término de materia o nombre geográfico como elemento de entrada |
— Aspectos pedagógicos Educación digital |
| 650 #7 - PUNTO DE ACCESO ADICIONAL DE MATERIA--TÉRMINO DE MATERIA |
| Término de materia o nombre geográfico como elemento de entrada |
— Innovaciones Tecnología educativa |
| 650 #7 - PUNTO DE ACCESO ADICIONAL DE MATERIA--TÉRMINO DE MATERIA |
| Término de materia o nombre geográfico como elemento de entrada |
Tecnología educativa |
| Fuente del encabezamiento o término |
ARMARC |
| 9 (RLIN) |
38357 |
| 650 #7 - PUNTO DE ACCESO ADICIONAL DE MATERIA--TÉRMINO DE MATERIA |
| Término de materia o nombre geográfico como elemento de entrada |
Aprendizaje en línea |
| Fuente del encabezamiento o término |
ARMARC |
| 9 (RLIN) |
39486 |
| 650 #7 - PUNTO DE ACCESO ADICIONAL DE MATERIA--TÉRMINO DE MATERIA |
| Término de materia o nombre geográfico como elemento de entrada |
Educación superior |
| 9 (RLIN) |
32230 |
| Subdivisión general |
Innovaciones tecnológicas |
| 700 ## - ENTRADA AGREGADA--NOMBRE PERSONAL |
| Nombre de persona |
Arroyo González, Rosario |
| Relación |
ed. |
| 9 (RLIN) |
109445 |
| Término indicativo de función/relación |
editor |
| 700 ## - ENTRADA AGREGADA--NOMBRE PERSONAL |
| Nombre de persona |
Evia Ricalde, Ena M.ª C. |
| Relación |
ed. |
| 9 (RLIN) |
109446 |
| Término indicativo de función/relación |
editor |
| 700 ## - ENTRADA AGREGADA--NOMBRE PERSONAL |
| Nombre de persona |
Barros Camargo, Claudia de |
| Relación |
ed. |
| 9 (RLIN) |
109447 |
| Término indicativo de función/relación |
editor |
| 856 ## - LOCALIZACIÓN Y ACCESO ELECTRÓNICOS |
| Texto de enlace |
Acceso a Texto Completo |
| Identificador Uniforme de Recurso |
<a href="https://opacbiblioteca.intec.edu.do/opac-tmpl/files/recursoselectronicos/9788410282155.pdf">https://opacbiblioteca.intec.edu.do/opac-tmpl/files/recursoselectronicos/9788410282155.pdf</a> |
| 942 ## - ELEMENTOS DE ENTRADA SECUNDARIOS (KOHA) |
| Tipo de ítem Koha |
|
| Fuente de la clasificación o esquema de estantería |
Clasificación Decimal Dewey |